006710000a220009700045001000020000002450082000203000052001025000079001545200295002337730045005281 aJunca, Humberto10aNiño terrible y magnate del arte : un poderoso artista llamado Damien Hirst aVol.0, núm.5 (Febrero, 2006), Páginas 16-17 aArtista y profesor de las universidades Jorge Tadeo Lozano y de los Andes. aDamien Hirst es hoy uno de los artistas más ricos del mundo y quizá el más subversivo. Sus obras son atacadas por ser agresivas y violentas: encierra animales en cápsulas con formaldehído, secciona reses o inaugura restaurantes como una estrella pop. Ésta es su gran escalada.0 tArcadia / Andrés Felipe Solano, Editor